000 00802nac a22002537a 4500
001 BR7500386
003 BR-BrBNA
005 20240105113832.0
008 230509b bl.|||m| |||| 00| 0 por d
040 _aBR-BrBNA
_bpor
_cBiblioteca Nacional de Agricultura
072 _aL72
090 _a5240 BR7500386
100 1 _aCony, H.
110 1 _aBayer do Brasil Industrias Quimicas S.A., Sao Paulo, SP (Brasil)
_91241
245 1 _aO bicho da cabeca [Oestrus ovis, parasito de animal, larva, ovino]
260 3 _aSao Paulo, SP (Brasil):
_c1975.
300 _a3 p.
490 _aBoletim Agropecuario - Bayer do Brasil S.A. (Brazil)
_vno. 184
_x
650 _aOVINO
650 _aPARASITO DE ANIMAL
650 _aLARVA
909 _a202312
_bLúcia Elande
_c55
_dLúcia Elande
942 _2AGRIS
_n0
_cMS
999 _c265854
_d265854